000 01020nam a2200193 4500
005 20250919113314.0
008 250916b |||||||| |||| 00| 0 eng d
020 _a9788184470314
041 _aEnglish to Marathi
082 _a491.4
_bSAR
100 _aSaraf R. S.
_9213076
245 _aLet's Learn Marathi: A Useful Book for Non-Marathi People to Learn Practical Marathi
260 _aPune
_bNitin Prakashan
_c2024
300 _a112
365 _b180.00
_cRs.00
520 _a1. Important Points 2. Picture Vocabulary 3. Marathi Alphabets 4. Combinations Consonants+Vowels 5. Clusters 6. Beginner's Vocabulary 7. Listen, Read and Practise 8. Eight Parts of Speech 9. Questions In Marathi 10. Numbers 11. Punctuations 12. Some Useful Ways of Saying Things 13. Some Useful Expressions 14. Vocabulary 15. A Few Marathi Idioms and Phrases 16. Pieces for Comprehension Read and Answer the Questions 17. Additional Questions for Further Practice
650 _aEnglish to Marathi
_9213077
942 _cBK
999 _c367799
_d367799